| 000 | 00756cam a22002531 4500 | ||
|---|---|---|---|
| 001 | sa 67007509 | ||
| 003 | DLC | ||
| 005 | 20260227112416.0 | ||
| 008 | 870902s1966 ii 000 0 eng | ||
| 010 | _asa 67007509 | ||
| 025 | _aPL480:I-E-7400 | ||
| 035 | _a(OCoLC)16632739 | ||
| 040 |
_aDLC _cWaU _dDLC |
||
| 042 | _apremarc | ||
| 050 | 0 | 0 |
_aPK423 _b.O2 |
| 100 | 1 |
_aOak, Purushottam Nagesh, _d1917- |
|
| 245 | 1 | 0 |
_aIndian Kshatriyas once ruled from Bali to Baltic & Korea to Kaba, _cby P.N. Oak. |
| 260 |
_a[New Delhi] _c1966. |
||
| 300 |
_a24 p. _c25 cm. |
||
| 440 | 0 |
_aRai Bahadur Edal Singh memorial lectures, _vseries 2 |
|
| 500 | _aCover title. | ||
| 650 | 0 |
_aSanskrit language _xWords _xHistory. |
|
| 650 | 0 |
_aCivilization _xHindu influences. |
|
| 999 |
_c76638 _d76638 |
||